Billy Joel Lyrics Quiz (Part 85) - Statistics

General Stats
  • This quiz has been taken 19 times
  • The average score is 214 of 247
Answer Stats
Answer % Correct
a
100%
all
100%
and
100%
And
100%
I
100%
I’m
100%
It
100%
it
100%
me
100%
the
100%
The
100%
was
100%
But
93%
by
93%
easy
93%
if
93%
in
93%
In
93%
it’s
93%
I’ve
93%
of
93%
Or
93%
or
93%
so
93%
time
93%
Times,
93%
to
93%
any
86%
Beach
86%
comes
86%
Daily
86%
down
86%
from
86%
have
86%
Hudson
86%
Miami
86%
mind
86%
need
86%
New
86%
On
86%
on
86%
River
86%
Riverside
86%
state
86%
Take
86%
take
86%
them
86%
York
86%
away
79%
Been
79%
behind
79%
care
79%
Chinatown
79%
day
79%
don’t
79%
Don’t
79%
fine
79%
flight
79%
folks
79%
get
79%
give
79%
Hollywood
79%
left
79%
let
79%
like
79%
Line
79%
little
79%
living
79%
News
79%
now
79%
Out
79%
reality
79%
reasons
79%
seen
79%
slide
79%
Some
79%
taking
79%
their
79%
touch
79%
want
79%
what
79%
blues
71%
’cause
71%
‘Cause
71%
evergreens
71%
Greyhound
71%
holiday
71%
Hop
71%
just
71%
know
71%
limousines
71%
more
71%
movie
71%
needing
71%
neighborhood
71%
rhythm
71%
stars
71%
under
71%
waste
71%
with
71%
cars
64%
fancy
64%
high
64%
Rockies
64%
talking
7%
No matching quizzes found
Score Distribution
Percent of People with Each Score
Percentile by Number Answered
Your Score History
You have not taken this quiz